A Merrow Monograph Bi-component Fibers (Record no. 3944)
[ view plain ]
| 000 -LEADER | |
|---|---|
| fixed length control field | 00409nam a2200157Ia 4500 |
| 008 - FIXED-LENGTH DATA ELEMENTS--GENERAL INFORMATION | |
| fixed length control field | 151213s9999 xx 000 0 und d |
| 020 ## - INTERNATIONAL STANDARD BOOK NUMBER | |
| International Standard Book Number | 1-85573-976-3 |
| 100 ## - MAIN ENTRY--PERSONAL NAME | |
| Personal name | R.Jeffries |
| 245 ## - TITLE STATEMENT | |
| Title | A Merrow Monograph Bi-component Fibers |
| Statement of responsibility, etc. | R.Jeffries |
| 260 ## - PUBLICATION, DISTRIBUTION, ETC. (IMPRINT) | |
| Place of publication, distribution, etc. | England |
| Name of publisher, distributor, etc. | Woodhead Publication Ltd. |
| Date of publication, distribution, etc. | 2004 |
| 300 ## - PHYSICAL DESCRIPTION | |
| Extent | 7406 p. |
| 650 ## - SUBJECT ADDED ENTRY--TOPICAL TERM | |
| Topical term or geographic name as entry element | Textiles |
| 650 ## - SUBJECT ADDED ENTRY--TOPICAL TERM | |
| Topical term or geographic name as entry element | Textiles |
| 700 ## - ADDED ENTRY--PERSONAL NAME | |
| Personal name | R.Jeffries |
No items available.
